Statistiques concernant Le groupe LESSERAFIM

Cliquez ici pour prendre le quiz!

Statistiques générales

  • Ce quiz a été pris 10 fois
  • Le résultat moyen est 10 sur 14

Statistiques - réponses

INFOS SUR LE GROUPERéponses% Correct
Nom du groupeLESSERAFIM
100%
Nombre de membres5
89%
MembresChaewon
89%
Eunchae
89%
Sakura
89%
Album de débutFEARLESS
78%
Chanson de débutFEARLESS
78%
Fandom du groupeFEARNOT
78%
(Ancienne)Garam
78%
Kazuha
78%
Yunjin
78%
Anagramme du groupe?IM FEARLESS
56%
Agence du groupeSource Music
33%
Date de début2 mai 2022
22%

Distribution des résultats

Percentile par nombre de réponses

% des personnes avec chaque résultat

Votre développement - résultats

Vous n’avez pas pris ce quiz